000 00369pam a2200157a 44500
008 230515b1962 xxu||||| |||| 00| 0 eng d
020 _aNULL
041 _aENGLISH
082 _a622
100 _aVOLOTKOVSKY. S.
245 _aAUTOMATIC CONTROL COMPONENTS FOR MINING
250 _a1962
260 _aPUNE
_bMIR PUBLISHERS
_c1962
300 _a313P
650 _aNULL
999 _c662674
_d662674